000 00763nam a2200253Ia 4500
003 OSt
005 20220918230500.0
006 a|||||r|||| 00| 0
007 ta
008 220917b |||||||| |||| 00| 0 eng d
024 _a254,045
037 _cTextual
040 _aARTS
_cARTS
_beng
041 _2eng
_aeng
082 _aV6:1:N7z7, L0
100 _aRotberg Robert I. Ed.
_994339
245 0 _aProtest and power in black Africa ed. by Robert I. Rotberg and Ali A. Mazrui
260 _aNew York
_bOxford University Press USA
_c1970
300 _axxx,1274p.
_ccm.
650 _aHISTORY
700 _a Mazrui Ali A. Ed.
_927100
942 _hV6:1:N7z7, L0
_cTEXL
_2CC
999 _c288166
_d288166